LEADER 00976nam--2200337---450- 001 990003703540203316 005 20121026120716.0 010 $a978-88-977260-2-9 035 $a000370354 035 $aUSA01000370354 035 $a(ALEPH)000370354USA01 035 $a000370354 100 $a20121026d2012----km-y0itay50------ba 101 0 $aita 102 $aIT 105 $a||||||||001yy 200 1 $aDai satiri ai musici$el'opera buffa a partire dalla commedia classica$fTania Buccini 210 $aTeramo$cDi Felice edizioni$d2012 215 $a67 p.$d21 cm 606 0 $aOpere buffe$2BNCF 676 $a781.8 700 1$aBUCCINI,$bTania$0613216 801 0$aIT$bsalbc$gISBD 912 $a990003703540203316 951 $aXIII.3.C. 292$b7794 L.G.$cXIII.3.C.$d00317107 959 $aBK 969 $aUMA 979 $aPASSARO$b90$c20121026$lUSA01$h1204 979 $aPASSARO$b90$c20121026$lUSA01$h1207 996 $aDai satiri ai musici$91141496 997 $aUNISA LEADER 01098nam a2200277 i 4500 001 991001585499707536 008 030505s2002 enka b 001 0 eng d 020 $a0198572247 035 $ab12168300-39ule_inst 040 $aDip.to Matematica$beng 082 0 $a519.5$221 084 $aAMS 62-01 084 $aLC HA35.G44 100 1 $aGelman, Andrew$044041 245 10$aTeaching statistics :$ba bag of tricks /$cAndrew Gelman, Deborah Nolan 260 $aOxford ;$aNew York :$bOxford University Press,$cc2002 300 $axv, 299 p. :$bill. ;$c22 cm 504 $aIncludes bibliographical references (p. 277-287) and indexes. 650 0$aStatistics$xStudy and teaching (Higher) 700 1 $aNolan, Deborah Ann$eauthor$4http://id.loc.gov/vocabulary/relators/aut$0254474 907 $a.b12168300$b21-09-06$c05-05-03 912 $a991001585499707536 945 $aLE013 62-XX GEL11 (2002)$g1$i2013000138367$lle013$op$pE38.50$q-$rl$s- $t0$u0$v0$w0$x0$y.i12509310$z06-05-03 996 $aTeaching statistics$91130055 997 $aUNISALENTO 998 $ale013$b05-05-03$cm$da $e-$feng$genk$h0$i1